000 01845cam a22003974i 4500
003 PE-LiUPU
005 20250731175633.0
008 150625s1992 sp a r 000 0 spa d
020 _a8400072146
035 _a(Sirsi) i9788400072148
040 _aPE-LiUPU
_bspa
_cPE-LiUPU
_erda
049 _aPRUA
082 0 4 _a492
_bC94
_221
100 1 _aCunchillos, Jesús Luis,
_eautor.
245 1 0 _aManual de Estudios Ugariticos /
_cJesús Luis Cunchillos.
264 1 _aMadrid :
_bCSIC,
_c1992.
300 _a435 páginas :
_bilustraciones ;
_c21 centímetros.
336 _atext
_2rdacontent
337 _aunmediated
_2rdamedia
338 _avolume
_2rdacarrier
490 0 _aTextos universitarios ;
_v12
505 0 _aCapítulo primero: Instrumento de trabajo y obras de consulta -- Capítulo segundo: Geografía del Reino de Ugarit -- Geografía física -- Topografía histórica -- Arqueología del yacimiento -- Historia del descubrimiento -- Etapas de la excavaciónes -- Nuestras fuentes -- Estado actual de las excavaciones o visitas del tell de Ras Shamra -- Escrituras y lengua -- Historia del desciframiento -- La escritura -- Epigrafía -- El ugaríticos entre las lenguas semíticas -- Fonética y fonología -- Morfología.
526 _aP145
526 _aP127
526 _aP97
526 _aP35
526 _aP14
526 _aP07
650 0 4 _aUgariticos
_vManual.
942 _2ddc
_cBOOK
949 _a492 C94
_wDEWEY
_c1
_i43449
_lCCODEBUL1
_mBUL
_r0
_sY
_tBOOK
_u2015-6-25
_xTEOLOGIA
_zUNKNOWN
_0COMPRA
_o.STAFF. Colección General
994 _aC0
_bPEPRU
596 _a1
999 _a492 C94
_wDEWEY
_c46432
_i43449
_d46432
_e2017-8-14
_f2021-11-12
_g5
_lCCODEBUL1
_mBUL
_n1
_p72.28
_r0
_sY
_tBOOK
_u2015-6-25
_xTEOLOGIA
_PP35
_0COMPRA
_o.STAFF. Colección Teología
980 _81
_gALBERTO SANCHEZ Responsable de Automatización